000 02974nam a22003494i 4500
001 991061509409106706
003 ES-BaIT
005 20260413083120.0
008 251113s2025 sp 000 0bspa c
017 _aDL SE 2328-2025
_bOficina DL Sevilla
020 _a9791387939236
040 _aES-TaURV
_bcat
_erda
_cES-TaURV
080 _a792.021/.023
_x-055.2
080 _a792.021.07 Duran, Victorina
080 _a792.024.2.07 Duran, Victorina
100 1 _aMoreno Lago, Eva
_eautor
_9162941
245 1 0 _aVictorina Durán :
_buna vida llamada teatro /
_cEva Moreno-Lago
264 1 _a[Sevilla] :
_bRenacimiento,
_c2025
336 _atext
_btxt
_2rdacontent
337 _asense mediació
_bn
_2rdamedia
338 _avolum
_bnc
_2rdacarrier
490 1 _a Biblioteca de la memoria. Serie menor ;
_v18
504 _aBibliografia pàgines 313-316
520 _a"Esta biografía reconstruye la vida y obra de una de las figuras más audaces y desconocidas de la escena teatral española. Figurinista, escenógrafa, catedrática, escritora y lesbiana visible en un tiempo adverso, Durán desbordó los márgenes impuestos a las mujeres de su época. Este libro ofrece un recorrido exhaustivo y documentado por su trayectoria profesional y sentimental, desde sus primeros pasos en las artes decorativas hasta su trabajo en el exilio argentino. A través de cartas, figurines, entrevistas y documentos inéditos, se revela no solo su innovación en el lenguaje escénico, sino también la fuerza personal con la que sostuvo su deseo hacia otras mujeres, su arte y su independencia. Esta biografía no solo reivindica a una creadora fundamental, sino que incorpora al relato histórico español una figura que la tradición anglosajona sí posee: un icono lésbico visible y poderoso. La trayectoria vital de Victorina Durán se vuelve imprescindible para comprender la historia cultural desde una perspectiva feminista y queer. Un referente necesario, hasta ahora ausente, en el imaginario colectivo. «Una biografía apasionante que confirma a Victorina Durán como una de las grandes figuras artísticas de su generación». Tània Balló «Victoria Durán, la artista total, la gran escenógrafa del 27 regresa por fin a nuestro presente. Tras años de trabajo de archivo a ambos lados del Atlántico, Eva Moreno-Lago desarmariza a Vic y su mundo con entusiasmo, rigor y una profunda admiración a la experiencia y el trabajo de una mujer libre e intensa». Nuria Capdevila-Argüelles Primera biografía de Victorina Durán: icono lésbico de la España del siglo XX y pionera del vestuario teatral moderno." -- Contracoberta
600 1 0 _aDurán, Victorina,
_d1899-1993
_9162937
650 0 _aEscenògrafes
_zEspanya
_y S. XX
_9168715
650 0 _aFigurinistes
_zEspanya
_yS. XX
_974503
830 _aBiblioteca de la memoria (Editorial Renacimiento (Sevilla, Andalusia))
_pSerie menor
_v18
_9160923
908 _aURV
_aCDMAE
940 _aCVA38
942 _2udc
_c1
999 _c137151
_d137151